| 000 | 00402cam a2200169ua 4500 | ||
|---|---|---|---|
| 020 | _c1.50 | ||
| 041 |
_amal _h |
||
| 082 |
_a894.8122 _bTHA/BA |
||
| 100 | _aThalikulam, K.S.K . | ||
| 245 |
_aBhagya deepam / _cK.S.K.Thalikulam. _hTextual Documents |
||
| 260 |
_aThrissur : _bCurrent Books , _c1963. |
||
| 300 | _a100 ; . | ||
| 365 | _a1.50 | ||
| 504 | _a | ||
| 942 | _cBK | ||
| 999 |
_c933 _d933 |
||